As time goes by (Record no. 71755)
[ view plain ]
| 000 -LEADER | |
|---|---|
| fixed length control field | 01198cam a2200241 4500 |
| 001 - CONTROL NUMBER | |
| control field | WB3846-13 |
| 008 - FIXED-LENGTH DATA ELEMENTS--GENERAL INFORMATION | |
| fixed length control field | 021212n2002 000 0 eng u |
| 035 ## - SYSTEM CONTROL NUMBER | |
| System control number | (Sirsi) u120754 |
| 245 ## - TITLE STATEMENT | |
| Title | As time goes by |
| 260 ## - PUBLICATION, DISTRIBUTION, ETC. | |
| Date of publication, distribution, etc. | 2002 |
| 490 ## - SERIES STATEMENT | |
| Series statement | Estates Gazette |
| Volume/sequential designation | (0249) 7 December 2002, 121(1) |
| 520 ## - SUMMARY, ETC. | |
| Summary, etc. | Discusses the issues arising out of McKillen v Russell [2002]. In 1997 the claimant when selling a property in Newtownards found serious faults with the roof space conversion. This left him unable to sell the property and action was started against the defendant. This failed as the claimant was aware in 1990 of his surveyor's error in respect of a more minor problem in the garage.This case illustrates that a surveyor can only be sued once for negligence in a single survey and that knowledge of one defect missed by the surveyor may prevent a claim when another comes to light. |
| 590 ## - LOCAL NOTE (RLIN) | |
| Local note | WB |
| 650 ## - SUBJECT ADDED ENTRY--TOPICAL TERM | |
| Topical term or geographic name entry element | MCKILLEN V RUSSELL |
| 650 ## - SUBJECT ADDED ENTRY--TOPICAL TERM | |
| Topical term or geographic name entry element | SURVEYOR |
| 650 ## - SUBJECT ADDED ENTRY--TOPICAL TERM | |
| Topical term or geographic name entry element | NEGLIGENCE |
| 650 ## - SUBJECT ADDED ENTRY--TOPICAL TERM | |
| Topical term or geographic name entry element | BUILDING DEFECTS |
| 650 ## - SUBJECT ADDED ENTRY--TOPICAL TERM | |
| Topical term or geographic name entry element | NORTHERN IRELAND |
| 650 ## - SUBJECT ADDED ENTRY--TOPICAL TERM | |
| Topical term or geographic name entry element | LIMITATION (NORTHERN IRELAND) ORDER 1989 |
| 650 ## - SUBJECT ADDED ENTRY--TOPICAL TERM | |
| Topical term or geographic name entry element | LIMITATION ACT 1980 |
| 690 ## - LOCAL SUBJECT ADDED ENTRY--TOPICAL TERM (OCLC, RLIN) | |
| Topical term or geographic name as entry element | PROFESSIONAL PRACTICE |
| 942 ## - ADDED ENTRY ELEMENTS (KOHA) | |
| Suppress in OPAC | 0 |
| Withdrawn status | Lost status | Source of classification or shelving scheme | Damaged status | Not for loan | Home library | Current library | Shelving location | Date acquired | Total Checkouts | Full call number | Barcode | Date last seen | Copy number | Price effective from | Koha item type |
|---|---|---|---|---|---|---|---|---|---|---|---|---|---|---|---|
| Dewey Decimal Classification | London | London | News article | 12/12/2002 | WB3846-13 | 120754-1001 | 06/08/2019 | 1 | 06/08/2019 | News article |